[Event "BL 1314 Bayern München - SV Mülheim Nor"]
[Site "?"]
[Date "2013.10.13"]
[Round "1.5"]
[White "Tregubov, Pavel V"]
[Black "Jorczik, Julian"]
[Result "1-0"]
[WhiteElo "2606"]
[BlackElo "2405"]
[PlyCount "105"]
[EventDate "2013.??.??"]

1. d4 Nf6 2. c4 e6 3. Nf3 b6 4. g3 Ba6 5. Qa4 Bb7 6. Bg2 c5 7. dxc5 Bxc5 8. O-O
O-O 9. Nc3 Be7 10. Rd1 Na6 11. Bf4 Nc5 12. Qc2 Qc8 13. Rac1 Nce4 14. Nd4 Nxc3
15. Qxc3 a6 16. Nb3 Bxg2 17. Kxg2 d5 18. Be5 Qxc4 19. Qxc4 dxc4 20. Rxc4 Rfc8
21. Rdc1 Rxc4 22. Rxc4 Nd5 23. Bd4 b5 24. Rc1 Bf6 25. a3 Bxd4 26. Nxd4 Nb6 27.
b3 Kf8 28. Rc7 Ke8 29. e3 Nd7 30. Nc6 Nc5 31. Ne5 Nxb3 32. Rxf7 Rc8 33. Rxg7
Rc5 34. Ng4 h5 35. Nf6+ Kf8 36. Ra7 Rf5 37. Nd7+ Ke8 38. Nb8 a5 39. Nc6 a4 40.
Re7+ Kf8 41. Rb7 Rd5 42. h3 Rc5 43. Na7 Nd2 44. Nxb5 e5 45. Nd6 Rd5 46. Nf5 Rd3
47. g4 hxg4 48. hxg4 e4 49. Kg3 Rxa3 50. g5 Ra1 51. Kf4 Rg1 52. Ra7 Rg2 53. Ke5
1-0

[Event "BL 1314 Bayern München - SV Mülheim Nor"]
[Site "?"]
[Date "2013.10.13"]
[Round "1.6"]
[White "Renner, Christoph"]
[Black "Golod, Vitali"]
[Result "0-1"]
[WhiteElo "2389"]
[BlackElo "2567"]
[PlyCount "70"]
[EventDate "2013.??.??"]

1. d4 Nf6 2. Bf4 g6 3. e3 Bg7 4. Nf3 d6 5. c3 O-O 6. Bc4 Nbd7 7. O-O Qe8 8. h3
e5 9. Bh2 Qe7 10. a4 a6 11. a5 Kh8 12. Re1 e4 13. Nfd2 Ng8 14. Bf1 f5 15. c4
Ndf6 16. Nc3 Be6 17. b4 d5 18. b5 dxc4 19. Nxc4 axb5 20. Nxb5 Nd5 21. Qb1 Rfd8
22. Rc1 Ngf6 23. Nc3 Ra7 24. Nb5 Raa8 25. Nc3 Nxc3 26. Rxc3 f4 27. Ne5 Nd5 28.
Rb3 fxe3 29. fxe3 Bh6 30. Qxe4 Rf8 31. Bc4 c6 32. Ng4 Bg7 33. Rab1 Rxa5 34. Be5
Bf5 35. Bxg7+ Qxg7 0-1

[Event "BL 1314 Bayern München - SV Mülheim Nor"]
[Site "?"]
[Date "2013.10.13"]
[Round "1.8"]
[White "Unzicker, Ferdinand"]
[Black "Feygin, Michael"]
[Result "1/2-1/2"]
[WhiteElo "2337"]
[BlackElo "2512"]
[PlyCount "168"]
[EventDate "2013.??.??"]

1. d4 g6 2. c4 Bg7 3. Nc3 c5 4. d5 Bxc3+ 5. bxc3 f5 6. e4 fxe4 7. f3 Nf6 8. Bh6
Qa5 9. Qc2 d6 10. fxe4 Bd7 11. Nf3 Ba4 12. Qb2 Nbd7 13. Bd3 Ng4 14. Bf4 O-O 15.
Bg3 Nge5 16. Be2 b5 17. O-O Nxf3+ 18. gxf3 Rab8 19. f4 b4 20. Qc1 Nf6 21. f5
Be8 22. Bd3 Qa3 23. e5 Qxc1 24. Raxc1 Nh5 25. exd6 Nxg3 26. dxe7 Nxf1 27.
exf8=Q+ Kxf8 28. Rxf1 g5 29. cxb4 Rxb4 30. f6 Kf7 31. Re1 Ba4 32. Re7+ Kxf6 33.
Rxh7 a6 34. Ra7 Ke5 35. Rxa6 Bd7 36. Ra7 Kd4 37. Bf1 Bf5 38. Rf7 Bd3 39. d6
Bxc4 40. d7 Rb8 41. Bxc4 Kxc4 42. Kf2 Kd5 43. Ke3 Rd8 44. Rh7 Ke5 45. Kd3 Kf5
46. Kc4 Kg6 47. Re7 Kf6 48. Rh7 Kg6 49. Re7 Kf6 50. Re2 Rxd7 51. Kxc5 Ra7 52.
Kb4 Rb7+ 53. Kc3 Rc7+ 54. Kd3 Ra7 55. Kc3 Ra8 56. Kb3 Rb8+ 57. Kc2 Ra8 58. Kb1
Kf5 59. Rb2 Kg4 60. Rb3 Rh8 61. Rg3+ Kf4 62. Rg2 Ra8 63. h3 Ra3 64. Rf2+ Kg3
65. Rf5 Kh4 66. Kb2 Rxh3 67. a4 g4 68. Rf7 Rf3 69. Rh7+ Kg5 70. Rg7+ Kh4 71.
Rh7+ Kg3 72. a5 Kf2 73. a6 g3 74. a7 Rf8 75. Rb7 Ra8 76. Rf7+ Ke2 77. Rg7 Kf2
78. Rf7+ Kg1 79. Rg7 g2 80. Rb7 Kf2 81. Rf7+ Ke3 82. Re7+ Kf4 83. Rf7+ Ke5 84.
Rg7 Rxa7 1/2-1/2

[Event "BL 1314 SC Eppingen - SV Wattenscheid"]
[Site "?"]
[Date "2013.10.13"]
[Round "1.1"]
[White "Bartel, Mateusz"]
[Black "Harikrishna, P."]
[Result "0-1"]
[WhiteElo "2638"]
[BlackElo "2709"]
[PlyCount "80"]
[EventDate "2013.??.??"]

1. e4 e6 2. d4 d5 3. Nc3 dxe4 4. Nxe4 Bd7 5. Nf3 Bc6 6. Ned2 Nf6 7. g3 g6 8.
Bg2 Bg7 9. O-O O-O 10. Nc4 Bb5 11. Nfe5 Nc6 12. Nxc6 bxc6 13. b3 Nd5 14. Bb2
Rb8 15. Qd3 c5 16. Rfd1 Nb4 17. Qc3 Nd5 18. Qd3 Qc8 19. a4 Ba6 20. Bf1 Nb4 21.
Qe4 Bb7 22. Qe2 Qd7 23. c3 Qd5 24. f3 Nc6 25. Ne3 Qxb3 26. Ra3 Qb6 27. a5 Nxa5
28. Ba1 cxd4 29. cxd4 Nc6 30. Nc4 Ba6 31. Qe3 Bxc4 32. Bxc4 Nb4 33. Qf2 Rfd8
34. Kg2 a5 35. Bc3 Qc6 36. Bf1 Bf8 37. Be1 Nc2 38. Ra2 Nxe1+ 39. Qxe1 a4 40.
Rc1 Qd7 0-1

[Event "BL 1314 SC Eppingen - SV Wattenscheid"]
[Site "?"]
[Date "2013.10.13"]
[Round "1.4"]
[White "Balogh, Csaba"]
[Black "Rustemov, Alexander"]
[Result "1/2-1/2"]
[WhiteElo "2632"]
[BlackElo "2538"]
[PlyCount "98"]
[EventDate "2013.??.??"]

1. e4 e6 2. d4 d5 3. Nd2 dxe4 4. Nxe4 Bd7 5. Nf3 Bc6 6. Bd3 Nd7 7. O-O Ngf6 8.
Ng3 Be7 9. Re1 Bxf3 10. Qxf3 c6 11. c3 O-O 12. Bf4 Re8 13. Rad1 Qb6 14. Bc1
Rad8 15. Bc2 h6 16. h3 Qa5 17. a3 Bd6 18. Nf1 Qh5 19. Qxh5 Nxh5 20. Ne3 Nhf6
21. a4 Bc7 22. g3 a6 23. Bd3 Nd5 24. Bd2 Nxe3 25. Bxe3 Nf6 26. Bf1 Nd5 27. Bd2
Re7 28. h4 Red7 29. Be2 Ne7 30. Bc1 Nd5 31. Bf3 Nb6 32. b3 Nd5 33. Bd2 Ne7 34.
Bc1 Nd5 35. Bb2 a5 36. Rc1 Bd6 37. Rc2 g6 38. Bc1 Kg7 39. Bd2 h5 40. Bxd5 exd5
41. c4 dxc4 42. bxc4 Bb4 43. Bxb4 axb4 44. Rb1 c5 45. dxc5 Rd1+ 46. Rxd1 Rxd1+
47. Kg2 Ra1 48. Rd2 b3 49. Rb2 Rxa4 1/2-1/2

[Event "BL 1314 SC Eppingen - SV Wattenscheid"]
[Site "?"]
[Date "2013.10.13"]
[Round "1.5"]
[White "Appel, Ralf"]
[Black "Postny, Evgeny"]
[Result "0-1"]
[WhiteElo "2535"]
[BlackElo "2631"]
[PlyCount "136"]
[EventDate "2013.??.??"]

1. d4 Nf6 2. Nf3 e6 3. Bg5 c5 4. e3 d5 5. Nbd2 Nc6 6. c3 Be7 7. Bd3 b6 8. O-O
Bb7 9. a3 h6 10. Bh4 O-O 11. Ne5 Nxe5 12. dxe5 Ne4 13. Bxe7 Qxe7 14. f4 Nxd2
15. Qxd2 f6 16. Rf2 Rad8 17. Rd1 Kh8 18. Qe2 f5 19. Bc2 Rg8 20. Qh5 Qe8 21. Qh4
Qf8 22. Qh3 Re8 23. Rdd2 g5 24. Bd1 Re7 25. fxg5 Rxg5 26. Bf3 Rh7 27. Qh4 Qe7
28. Qa4 c4 29. b3 cxb3 30. c4 dxc4 31. Qxc4 Bxf3 32. Rxf3 Qc7 33. Qxb3 Qxe5 34.
Rd8+ Rg8 35. Qd3 Rhg7 36. Rxg8+ Kxg8 37. Rf4 Kh7 38. Rd4 Qa5 39. Kf2 Qe5 40. g3
Qc5 41. Rd6 Re7 42. Kf3 Qc1 43. Kg2 Qb2+ 44. Kh3 Qe5 45. Rd8 Qg7 46. Rd4 Qg6
47. Kg2 Kg7 48. Rd8 Qf6 49. Rd4 Qe5 50. Kh3 Rf7 51. Rd6 Kf6 52. Rd4 Rc7 53. Rh4
Qd5 54. Rd4 Qc6 55. Rh4 Rd7 56. Qe2 Rh7 57. Rc4 Qb5 58. a4 Qb1 59. e4 Rd7 60.
e5+ Ke7 61. Rc8 Qd3 62. Qb2 Kf7 63. Qb4 Kg6 64. Re8 Qe4 65. Rxe6+ Kg5 66. Qc3
Qg4+ 67. Kg2 Qe2+ 68. Kh3 Qf1# 0-1

[Event "BL 1314 SC Eppingen - SV Wattenscheid"]
[Site "?"]
[Date "2013.10.13"]
[Round "1.6"]
[White "Braun, Arik"]
[Black "Hirneise, Tobias"]
[Result "1-0"]
[WhiteElo "2564"]
[BlackElo "2440"]
[PlyCount "111"]
[EventDate "2013.??.??"]

1. d4 Nf6 2. c4 e6 3. Nc3 Bb4 4. Qc2 O-O 5. a3 Bxc3+ 6. Qxc3 d5 7. Bg5 h6 8.
Bxf6 Qxf6 9. cxd5 exd5 10. e3 c6 11. Nf3 Re8 12. h3 Bf5 13. Be2 Nd7 14. O-O a6
15. Rac1 Re6 16. Qb4 Rb8 17. Rfe1 Qd8 18. Bf1 a5 19. Qb3 b5 20. Qc3 a4 21. Ne5
Nxe5 22. dxe5 Qe7 23. Qd4 b4 24. Rc5 Rxe5 25. Rxc6 bxa3 26. bxa3 Rb3 27. Qxa4
Rxa3 28. Qd4 Ra8 29. Rec1 Rd8 30. Rc7 Qf6 31. R1c6 Rd6 32. Rxd6 Qxd6 33. Qa7
Be6 34. Bd3 g5 35. Qb8+ Qf8 36. Qb2 Qd6 37. Qc3 d4 38. exd4 Re1+ 39. Qxe1 Qxc7
40. Qe4 Kf8 41. d5 Bd7 42. Qb4+ Kg8 43. d6 Qc1+ 44. Kh2 Qa1 45. Qc5 Qf6 46. Be2
Kg7 47. g3 Qe6 48. Bg4 f5 49. Bf3 Kf6 50. Qc7 Ke5 51. Bc6 Qa2 52. Qxd7 Qxf2+
53. Bg2 f4 54. Qe7+ Kf5 55. g4+ Kg6 56. d7 1-0

[Event "BL 1314 SC Eppingen - SV Wattenscheid"]
[Site "?"]
[Date "2013.10.13"]
[Round "1.7"]
[White "Mladenov, Svetlin"]
[Black "Medvegy, Zoltan"]
[Result "1-0"]
[WhiteElo "2453"]
[BlackElo "2536"]
[PlyCount "47"]
[EventDate "2013.??.??"]

1. e4 c6 2. d4 d5 3. exd5 cxd5 4. c4 Nf6 5. Nc3 e6 6. Nf3 Bb4 7. cxd5 Nxd5 8.
Qc2 Nc6 9. a3 Be7 10. Bd3 Nf6 11. O-O O-O 12. Rd1 h6 13. Qe2 Re8 14. Bb1 Bf8
15. Ne5 Ne7 16. Qf3 Ned5 17. Qg3 Nh5 18. Qh3 Nhf6 19. Rd3 Nxc3 20. bxc3 Nd7 21.
Bxh6 Nxe5 22. dxe5 Qb6 23. Rg3 Rd8 24. Bh7+ 1-0

[Event "BL 1314 SC Eppingen - SV Wattenscheid"]
[Site "?"]
[Date "2013.10.13"]
[Round "1.8"]
[White "Ruck, Robert"]
[Black "Dinstuhl, Volkmar"]
[Result "1/2-1/2"]
[WhiteElo "2571"]
[BlackElo "2401"]
[PlyCount "133"]
[EventDate "2013.??.??"]

1. Nf3 Nc6 2. d4 d5 3. e3 Bg4 4. Bb5 Nf6 5. h3 Bxf3 6. Qxf3 a6 7. Bxc6+ bxc6 8.
c4 e6 9. O-O c5 10. dxc5 Bxc5 11. cxd5 exd5 12. b3 O-O 13. Bb2 Ne4 14. Rd1 Re8
15. Nc3 Nxc3 16. Bxc3 c6 17. Rac1 Bf8 18. Rc2 Qb6 19. Bd4 Qb5 20. Rdc1 Re6 21.
Qg4 a5 22. Bc5 h6 23. Bxf8 Kxf8 24. Rc5 Qb6 25. Qf5 Kg8 26. Qc2 Ra6 27. Rd1 Re4
28. Rc1 Re6 29. Qd3 Qb7 30. R1c3 Kh8 31. Qc2 Qd7 32. Rd3 Re4 33. Rd1 Qb7 34. a3
Kg8 35. Rd3 Kh8 36. Rdc3 Re6 37. Rd3 Re4 38. Qc3 Qb6 39. f3 Re8 40. Rd4 Rxe3
41. Qxe3 Qxc5 42. Kf2 Ra8 43. Ra4 Qc2+ 44. Kg3 Rb8 45. Qe5 Qxb3 46. Rxa5 Qb1
47. Rc5 Qg6+ 48. Kh2 Ra8 49. Qc7 Rxa3 50. Rxc6 Qf5 51. Qc8+ Qxc8 52. Rxc8+ Kh7
53. Rd8 Rd3 54. g4 Rxf3 55. Rxd5 g5 56. Kg2 Ra3 57. Rb5 Kg6 58. Rb6+ f6 59. Rb7
h5 60. Rc7 h4 61. Rb7 Rg3+ 62. Kh2 Rf3 63. Kg2 Rf4 64. Ra7 f5 65. Ra6+ Kg7 66.
Ra7+ Kf6 67. Ra6+ 1/2-1/2

[Event "BL 1314 Turm Emsdetten - OSG Baden Bade"]
[Site "?"]
[Date "2013.10.12"]
[Round "1.2"]
[White "Swiercz, Dariusz"]
[Black "Naiditsch, Arkadij"]
[Result "0-1"]
[WhiteElo "2654"]
[BlackElo "2710"]
[PlyCount "80"]
[EventDate "2013.??.??"]

1. c4 Nf6 2. Nf3 g6 3. g3 Bg7 4. Bg2 d5 5. cxd5 Nxd5 6. d4 O-O 7. O-O c5 8. e4
Nb6 9. d5 Bg4 10. Nc3 Qd7 11. Bf4 Na6 12. e5 Qf5 13. Nh4 Qxf4 14. gxf4 Bxd1 15.
Raxd1 Rad8 16. Nb5 Bh6 17. f5 Bf4 18. Rfe1 g5 19. f6 exf6 20. Nf5 Bxe5 21. d6
Nb4 22. a3 Nc2 23. Re2 Nd4 24. Nbxd4 cxd4 25. h4 Nc4 26. hxg5 Nxd6 27. Nh6+ Kg7
28. Ng4 Rfe8 29. Kf1 Kg6 30. gxf6 Bxf6 31. Nxf6 Rxe2 32. Kxe2 Kxf6 33. Rxd4 h5
34. Bf3 Kg5 35. Kf1 f5 36. Rd5 b6 37. b4 Nf7 38. Rb5 Rd4 39. Be2 Kf4 40. a4 Nd6
0-1

[Event "BL 1314 Turm Emsdetten - OSG Baden Bade"]
[Site "?"]
[Date "2013.10.12"]
[Round "1.4"]
[White "Mchedlishvili, Mikheil"]
[Black "Movsesian, Sergei"]
[Result "1/2-1/2"]
[WhiteElo "2633"]
[BlackElo "2699"]
[PlyCount "78"]
[EventDate "2013.??.??"]

1. d4 d5 2. c4 c6 3. Nf3 Nf6 4. Nc3 a6 5. c5 Bf5 6. Nh4 Bg6 7. Bf4 Nbd7 8. Nxg6
hxg6 9. h3 e6 10. e3 Be7 11. Bd3 Qc8 12. O-O Bd8 13. Bh2 Bc7 14. f4 Ng8 15. b4
f5 16. a4 Ndf6 17. b5 Ne7 18. Be2 Kf7 19. Rb1 axb5 20. axb5 g5 21. fxg5 Bxh2+
22. Kxh2 Qc7+ 23. g3 Nh7 24. Kg2 Nxg5 25. h4 Nh7 26. e4 g5 27. exd5 Nxd5 28.
Nxd5 cxd5 29. b6 Qb8 30. h5 Nf6 31. Ra1 Rxa1 32. Qxa1 Ne4 33. Qe1 g4 34. Bd3
Nf6 35. Rh1 Rh6 36. Qe3 Nxh5 37. Qe5 Qa8 38. Re1 Ng7 39. Rh1 Nh5 1/2-1/2

[Event "BL 1314 Turm Emsdetten - OSG Baden Bade"]
[Site "?"]
[Date "2013.10.12"]
[Round "1.5"]
[White "Shirov, Alexei"]
[Black "Ipatov, Alexander"]
[Result "1-0"]
[WhiteElo "2696"]
[BlackElo "2601"]
[PlyCount "147"]
[EventDate "2013.??.??"]

1. d4 d5 2. c4 e6 3. Nc3 Nf6 4. cxd5 exd5 5. Bg5 Be7 6. e3 c6 7. Bd3 Nbd7 8.
Nge2 Nf8 9. Qc2 Ne6 10. Bh4 g6 11. f3 Nh5 12. Bf2 f5 13. g4 fxg4 14. fxg4 Nf6
15. h3 O-O 16. Bg3 Bd6 17. Bh4 Qe7 18. O-O-O Qg7 19. Rhf1 Bd7 20. Kb1 Rae8 21.
e4 dxe4 22. Bc4 Kh8 23. Rxf6 Rxf6 24. Bxf6 Qxf6 25. Nxe4 Qe7 26. d5 cxd5 27.
Rxd5 Bc6 28. Nxd6 Bxd5 29. Nxe8 Bxc4 30. Qc3+ Kg8 31. Qxc4 Qxe8 32. Nd4 Kf7 33.
Qd5 Kf6 34. Nxe6 Qxe6 35. g5+ Ke7 36. Qxb7+ Kd8 37. Qb8+ Kd7 38. Qxa7+ Kc8 39.
Qc5+ Kd7 40. Qd4+ Ke8 41. h4 Qe1+ 42. Kc2 Qe2+ 43. Kc3 Qf3+ 44. Kb4 Qb7+ 45.
Ka3 Qe7+ 46. b4 Qe6 47. Qh8+ Kd7 48. Qxh7+ Kc6 49. Qg7 Qe4 50. Qc3+ Kb5 51.
Qc5+ Ka6 52. Ka4 Qxh4 53. Qd6+ Kb7 54. Qe7+ Kb6 55. Qf6+ Ka7 56. Qf7+ Ka8 57.
Qxg6 Qc4 58. a3 Kb7 59. Qg7+ Kb6 60. Qf6+ Kb7 61. Qe7+ Ka6 62. Qd6+ Kb7 63. g6
Qc2+ 64. Ka5 Qc1 65. Qe7+ Ka8 66. Qd8+ Ka7 67. Qd4+ Kb7 68. Qd3 Ka7 69. Kb5 Qc7
70. Qd4+ Kb7 71. Qd5+ Kb8 72. a4 Qg3 73. a5 Qg4 74. a6 1-0

[Event "BL 1314 Turm Emsdetten - OSG Baden Bade"]
[Site "?"]
[Date "2013.10.12"]
[Round "1.6"]
[White "Spoelman, Wouter"]
[Black "Nielsen, Peter Heine"]
[Result "1/2-1/2"]
[WhiteElo "2582"]
[BlackElo "2649"]
[PlyCount "93"]
[EventDate "2013.??.??"]

1. c4 c5 2. g3 g6 3. Bg2 Bg7 4. Nf3 Nc6 5. O-O d6 6. Nc3 Bf5 7. a3 Qd7 8. b4
Nf6 9. Bb2 O-O 10. Qb3 Nd4 11. Nxd4 cxd4 12. Nd5 Nxd5 13. cxd5 Rfc8 14. d3 Bh3
15. Bxh3 Qxh3 16. Rfc1 Qh5 17. f3 Qg5 18. Kf1 h5 19. Rc4 h4 20. Bc1 Qe5 21. Bf4
Qf5 22. Kg2 g5 23. Bd2 g4 24. Rac1 Re8 25. Rc7 e6 26. Rf1 exd5 27. Qd1 Re6 28.
fxg4 Qxg4 29. Rfxf7 Bf6 30. Kh1 Rae8 31. gxh4 Rxe2 32. Qg1 Qxg1+ 33. Kxg1 Rxd2
34. Rxf6 Re1+ 35. Rf1 Rxf1+ 36. Kxf1 Rxd3 37. Ke2 Rxa3 38. Rxb7 Rb3 39. b5 Kh8
40. h5 d3+ 41. Kd2 d4 42. h6 Ra3 43. Rb8+ Kh7 44. Ra8 Ra5 45. Kxd3 Rxb5 46.
Rxa7+ Kxh6 47. Kxd4 1/2-1/2

[Event "BL 1314 Turm Emsdetten - OSG Baden Bade"]
[Site "?"]
[Date "2013.10.12"]
[Round "1.7"]
[White "Schlosser, Philipp"]
[Black "Pruijssers, Roeland"]
[Result "1-0"]
[WhiteElo "2602"]
[BlackElo "2537"]
[PlyCount "57"]
[EventDate "2013.??.??"]

1. c4 f5 2. g3 Nf6 3. Bg2 g6 4. Nc3 Bg7 5. d3 O-O 6. e4 fxe4 7. dxe4 d6 8. Nge2
c5 9. O-O Nc6 10. f4 Be6 11. b3 Qd7 12. Be3 Bh3 13. e5 dxe5 14. Qxd7 Bxd7 15.
Bxc5 exf4 16. Rxf4 b6 17. Ba3 Bh6 18. Rff1 Be3+ 19. Kh1 Ng4 20. h3 Nf2+ 21. Kh2
Ne5 22. Nd5 Bg4 23. Nef4 Bd4 24. Nxe7+ Kg7 25. Bxa8 Rxa8 26. hxg4 Nexg4+ 27.
Kg2 Ne3+ 28. Kf3 Nxf1 29. Rxf1 1-0

[Event "BL 1314 Turm Emsdetten - OSG Baden Bade"]
[Site "?"]
[Date "2013.10.12"]
[Round "1.8"]
[White "Burg, Twan"]
[Black "Dautov, Rustem"]
[Result "0-1"]
[WhiteElo "2490"]
[BlackElo "2601"]
[PlyCount "82"]
[EventDate "2013.??.??"]

1. e4 c6 2. d4 d5 3. Nc3 dxe4 4. Nxe4 Bf5 5. Ng3 Bg6 6. h4 h6 7. Nf3 Nd7 8. h5
Bh7 9. Bd3 Bxd3 10. Qxd3 e6 11. Bd2 Ngf6 12. O-O-O Be7 13. Ne4 Nxe4 14. Qxe4
Nf6 15. Qd3 c5 16. Qb5+ Qd7 17. Qxd7+ Nxd7 18. Be3 cxd4 19. Bxd4 Nf6 20. Ne5
O-O 21. g4 Rfc8 22. b3 Nd5 23. Kb2 b5 24. c4 bxc4 25. Nxc4 a5 26. Ne3 Nxe3 27.
Bxe3 a4 28. Bd4 Rc6 29. Rhe1 Rac8 30. Kb1 Bb4 31. Re3 a3 32. Red3 Rc2 33. f3
Re2 34. Ba1 Rcc2 35. Rd8+ Kh7 36. R1d4 Be7 37. R8d7 Bf6 38. Rxf7 Rb2+ 39. Bxb2
Rxb2+ 40. Ka1 Bxd4 41. g5 Rxb3# 0-1

[Event "BL 1314 SF Katernberg - SV Hockenheim"]
[Site "?"]
[Date "2013.10.12"]
[Round "1.1"]
[White "Buhmann, Rainer"]
[Black "Volokitin, Andrei"]
[Result "1/2-1/2"]
[WhiteElo "2580"]
[BlackElo "2688"]
[PlyCount "44"]
[EventDate "2013.??.??"]

1. Nf3 c5 2. c4 Nf6 3. Nc3 d5 4. cxd5 Nxd5 5. d4 Nxc3 6. bxc3 g6 7. g3 cxd4 8.
Qxd4 Qxd4 9. cxd4 b6 10. Bg2 Bb7 11. O-O Bg7 12. Ba3 Na6 13. Rac1 O-O 14. Ne5
Bxg2 15. Kxg2 Bxe5 16. dxe5 Rfd8 17. Bxe7 Rd2 18. a3 Rxe2 19. Bd6 Nc5 20. Bxc5
bxc5 21. Rxc5 Re8 22. Rc7 a5 1/2-1/2

[Event "BL 1314 SF Katernberg - SV Hockenheim"]
[Site "?"]
[Date "2013.10.12"]
[Round "1.2"]
[White "Kryvoruchko, Yuriy"]
[Black "Lenic, Luka"]
[Result "1-0"]
[WhiteElo "2681"]
[BlackElo "2630"]
[PlyCount "133"]
[EventDate "2013.??.??"]

1. e4 e5 2. Nf3 Nc6 3. Bb5 g6 4. c3 a6 5. Ba4 d6 6. d4 Bd7 7. O-O Bg7 8. h3 b5
9. Bc2 Nf6 10. Bg5 O-O 11. Nbd2 h6 12. Bh4 Re8 13. Re1 Qc8 14. Nf1 Nh5 15. Qd2
Na5 16. b3 c5 17. dxe5 dxe5 18. Ne3 Be6 19. Rad1 Ra7 20. Qd6 Qc6 21. Qd2 Rd7
22. Qc1 c4 23. b4 Nb7 24. Rxd7 Qxd7 25. Rd1 Qc6 26. Ng4 Bxg4 27. hxg4 Nf4 28.
Qe3 g5 29. Bg3 a5 30. a3 axb4 31. axb4 Rd8 32. Ra1 Rc8 33. Ne1 Nd8 34. Kf1 Nde6
35. Qa7 Nc7 36. Qe3 Nce6 37. Qa7 Nc7 38. Qe3 Rd8 39. f3 Nce6 40. Bf2 Nd4 41.
Rd1 Qa8 42. Qc1 Nfe6 43. Qb2 Qb7 44. g3 Bf6 45. Rd2 Kg7 46. Bd1 Qa6 47. Ng2 Ra8
48. Ne3 Qa1 49. Qxa1 Rxa1 50. Kg2 Kf8 51. Nd5 Bh8 52. Be2 Nb3 53. Rd1 Ra2 54.
Bf1 Rc2 55. Re1 Ned4 56. cxd4 exd4 57. e5 d3 58. f4 d2 59. Rd1 Rc1 60. Be2 c3
61. Nxc3 Rxc3 62. Bxb5 gxf4 63. gxf4 f6 64. e6 f5 65. Bh4 Re3 66. e7+ Kf7 67.
Bc4+ 1-0

[Event "BL 1314 SF Katernberg - SV Hockenheim"]
[Site "?"]
[Date "2013.10.12"]
[Round "1.4"]
[White "Bok, Benjamin"]
[Black "Saric, Ivan"]
[Result "1/2-1/2"]
[WhiteElo "2520"]
[BlackElo "2627"]
[PlyCount "78"]
[EventDate "2013.??.??"]

1. e4 c5 2. Nf3 Nc6 3. Bb5 Nf6 4. Bxc6 dxc6 5. d3 Bg4 6. h3 Bh5 7. Nc3 Nd7 8.
g4 Bg6 9. Bf4 f6 10. e5 Nb6 11. Qe2 Nd5 12. Bd2 Qd7 13. O-O-O O-O-O 14. Rhe1
Qe6 15. Nxd5 cxd5 16. Bf4 d4 17. Kb1 h5 18. Nd2 hxg4 19. hxg4 Bf7 20. b3 g6 21.
Ne4 Qc6 22. Bg3 Bd5 23. exf6 exf6 24. Qd2 f5 25. gxf5 gxf5 26. Ng5 Bd6 27. Be5
Rh4 28. f4 Bf8 29. Re2 b6 30. Rh2 Qh6 31. Rxh4 Qxh4 32. Re1 Re8 33. Re2 Qg3 34.
Bxd4 Rxe2 35. Qxe2 cxd4 36. Qe8+ Kc7 37. Qxf8 Qe1+ 38. Kb2 Qc3+ 39. Kb1 Qe1+
1/2-1/2

[Event "BL 1314 SF Katernberg - SV Hockenheim"]
[Site "?"]
[Date "2013.10.12"]
[Round "1.5"]
[White "Wagner, Dennis"]
[Black "Firman, Nazar"]
[Result "0-1"]
[WhiteElo "2472"]
[BlackElo "2526"]
[PlyCount "80"]
[EventDate "2013.??.??"]

1. d4 Nf6 2. c4 d6 3. Nf3 g6 4. Nc3 Bg7 5. e4 O-O 6. Be2 e5 7. Be3 Nbd7 8. O-O
c6 9. Qc2 Ng4 10. Bg5 Bf6 11. Bxf6 Ngxf6 12. Rad1 Qe7 13. Rfe1 Nh5 14. Bf1 Qf6
15. Re3 Re8 16. Red3 Nf4 17. dxe5 Nxe5 18. Nxe5 dxe5 19. Rd6 Qg5 20. g3 Bg4 21.
h4 Bxd1 22. Qxd1 Qe7 23. Rd7 Qf6 24. gxf4 exf4 25. Qg4 h5 26. Qh3 Re7 27. Rd3
Re5 28. Qh2 Rae8 29. Rf3 Rxe4 30. Nxe4 Rxe4 31. Bd3 Re1+ 32. Kg2 g5 33. Qg3 Re5
34. Qh3 Kg7 35. hxg5 Rxg5+ 36. Kf1 Qxb2 37. Bf5 Qa1+ 38. Ke2 Qxa2+ 39. Kf1 Qa1+
40. Ke2 Qe5+ 0-1

[Event "BL 1314 SF Katernberg - SV Hockenheim"]
[Site "?"]
[Date "2013.10.12"]
[Round "1.6"]
[White "Zaragatski, Ilja"]
[Black "Ribli, Zoltan"]
[Result "1/2-1/2"]
[WhiteElo "2499"]
[BlackElo "2583"]
[PlyCount "50"]
[EventDate "2013.??.??"]

1. Nf3 Nf6 2. g3 d5 3. Bg2 g6 4. c4 Bg7 5. O-O c5 6. Qa4+ Qd7 7. Qxd7+ Nbxd7 8.
cxd5 Nxd5 9. Nc3 N7b6 10. Ng5 e6 11. Nge4 c4 12. b3 O-O 13. Ba3 Rd8 14. Rac1
Bd7 15. bxc4 Nxc3 16. Nxc3 Nxc4 17. Be7 Re8 18. Bh4 Nd6 19. Ne4 Nxe4 20. Bxe4
Rab8 21. Rc7 Bc6 22. Bxc6 bxc6 23. Rxa7 Ra8 24. Rxa8 Rxa8 25. Bg5 Rxa2 1/2-1/2

[Event "BL 1314 SF Katernberg - SV Hockenheim"]
[Site "?"]
[Date "2013.10.12"]
[Round "1.7"]
[White "Papin, Vasily"]
[Black "Scholz, Christian"]
[Result "1-0"]
[WhiteElo "2524"]
[BlackElo "2379"]
[PlyCount "77"]
[EventDate "2013.??.??"]

1. c4 Nf6 2. g3 e5 3. Bg2 d5 4. cxd5 Nxd5 5. Nf3 Nc6 6. O-O Nb6 7. Nc3 Be7 8.
a3 O-O 9. b4 Be6 10. d3 f6 11. Ne4 a5 12. Nc5 Bxc5 13. bxc5 Nd5 14. Qc2 Nde7
15. Rb1 Rb8 16. Rb5 Nf5 17. Be3 Qd7 18. Rb2 Bd5 19. Rfb1 Kh8 20. Qa4 Qe7 21.
Bd2 Bxf3 22. Bxf3 Ncd4 23. Bg4 Nh6 24. Bxh6 gxh6 25. e3 Rg8 26. Qd7 Nf3+ 27.
Kg2 Nh4+ 28. Kh3 Qxd7 29. Bxd7 Rbd8 30. Bg4 Ng6 31. Rxb7 Rxd3 32. Rxc7 Ra8 33.
Rbb7 Nf8 34. a4 Ra3 35. c6 Rxa4 36. Rc8 Rxc8 37. Bxc8 Rc4 38. c7 Ng6 39. Be6
1-0

[Event "BL 1314 SF Katernberg - SV Hockenheim"]
[Site "?"]
[Date "2013.10.12"]
[Round "1.8"]
[White "Rosen, Bernd"]
[Black "Rau, Hannes"]
[Result "0-1"]
[WhiteElo "2336"]
[BlackElo "2458"]
[PlyCount "62"]
[EventDate "2013.??.??"]

1. c4 Nf6 2. g3 c5 3. Bg2 Nc6 4. Nf3 d5 5. O-O d4 6. d3 e5 7. e3 Be7 8. exd4
exd4 9. Bf4 Nh5 10. Bd2 O-O 11. Na3 g6 12. Nc2 a5 13. b3 Bf5 14. Bh6 Re8 15. h3
Ng7 16. a3 g5 17. g4 Bg6 18. h4 gxh4 19. Bf4 h5 20. Ne5 Nxe5 21. Bxe5 Bf6 22.
Bh2 hxg4 23. Bxb7 Ra7 24. Bc6 g3 25. fxg3 Be5 26. Bxe8 hxg3 27. Bxg3 Qg5 28.
Qf3 Bxg3 29. Bc6 Nf5 30. Be4 Nh4 31. Qe2 Re7 0-1

[Event "BL 1314 SV Griesheim - Schachfr. Berlin"]
[Site "?"]
[Date "2013.10.13"]
[Round "2.1"]
[White "Kraemer, Martin"]
[Black "Piorun, Kacper"]
[Result "1/2-1/2"]
[WhiteElo "2546"]
[BlackElo "2551"]
[PlyCount "100"]
[EventDate "2013.??.??"]

1. d4 Nf6 2. c4 g6 3. Nf3 Bg7 4. Nc3 O-O 5. e4 c6 6. Be2 d5 7. e5 Ne4 8. O-O
Nxc3 9. bxc3 dxc4 10. Bxc4 c5 11. h3 Nc6 12. Be3 Qc7 13. Qe2 a6 14. e6 fxe6 15.
dxc5 Bxc3 16. Rac1 Bg7 17. Ng5 Rf6 18. Rfd1 h6 19. Ne4 Rf8 20. h4 Ne5 21. Bd4
Nxc4 22. Qxc4 Bxd4 23. Qxd4 Kh7 24. h5 e5 25. hxg6+ Kg7 26. Qc3 Be6 27. Ng3
Rad8 28. Qc2 Kg8 29. Re1 Rd4 30. Qe2 Rf6 31. g7 Rg6 32. Qh5 Kxg7 33. Qxe5+ Qxe5
34. Rxe5 Kf7 35. c6 bxc6 36. Rxc6 Ra4 37. Ne2 Rf6 38. Nc3 Ra3 39. Rc7 Rf5 40.
Re3 Raa5 41. Rc6 Rf6 42. Re2 Bg4 43. Rxf6+ exf6 44. Rb2 Be6 45. Rb7+ Kg6 46. a4
Rc5 47. Rb6 Bf5 48. Ne2 a5 49. Nd4 Bd7 50. Nb3 Rd5 1/2-1/2

[Event "BL 1314 SV Griesheim - Schachfr. Berlin"]
[Site "?"]
[Date "2013.10.13"]
[Round "2.2"]
[White "Tazbir, Marcin"]
[Black "Mista, Aleksander"]
[Result "1-0"]
[WhiteElo "2544"]
[BlackElo "2584"]
[PlyCount "115"]
[EventDate "2013.??.??"]

1. e4 e5 2. Nf3 Nc6 3. Bb5 a6 4. Ba4 Nf6 5. O-O Be7 6. Re1 b5 7. Bb3 d6 8. c3
O-O 9. h3 Bb7 10. d4 Re8 11. Ng5 Rf8 12. Nf3 Nd7 13. Nbd2 Bf6 14. Nf1 Re8 15.
g4 g6 16. Ng3 Na5 17. Bc2 d5 18. exd5 Bxd5 19. Be4 Bxe4 20. Nxe4 exd4 21. Nxd4
Ne5 22. Bf4 Bg7 23. Bxe5 Rxe5 24. Qf3 c5 25. Nb3 Nc4 26. Nexc5 Nxb2 27. Rxe5
Bxe5 28. Re1 Nc4 29. Rd1 Qe8 30. Kg2 Bg7 31. Nd4 Ne5 32. Qe4 Rc8 33. Ndb3 a5
34. Nb7 a4 35. Nd4 Qd7 36. Rb1 Rxc3 37. Rxb5 Nxg4 38. Nc5 Rxc5 39. Rxc5 Nxf2
40. Qa8+ Bf8 41. Rc8 Qxd4 42. Rxf8+ Kg7 43. Rg8+ Kh6 44. Qf8+ Kg5 45. Qd8+ Qxd8
46. Rxd8 Ne4 47. Rd4 Nc3 48. a3 f5 49. Rc4 Ne4 50. Rxa4 Kf4 51. Rb4 Ke3 52. a4
f4 53. Rb3+ Ke2 54. a5 Nc5 55. Rc3 Na6 56. Rc6 f3+ 57. Kg3 f2 58. Re6+ 1-0